| 000 | 00480nam a22001697a 4500 | ||
|---|---|---|---|
| 999 |
_c525974 _d525974 |
||
| 003 | NUST | ||
| 020 | _q(Hbk) | ||
| 038 | _aM. Shaban | ||
| 082 |
_a891.4315 _bHAS |
||
| 100 |
_aHasrat Kaas Ganjvi _916918 |
||
| 245 |
_aJadah rahmat ka msafar / _cHasrat Kaas Ganjvi |
||
| 260 |
_aKarachi : _bAftab Acadmy, _c2001. |
||
| 300 | _a136 p. ; | ||
| 880 |
_6100-01\r _aڈاکٹر حسرت کاس گنجوی |
||
| 880 |
_6245-02\r _aجادہ رحمت کا مُسافر / |
||
| 942 |
_2ddc _cBK |
||